000 00208 a2200097 4500
001 28066
100 _aMorgan, T
245 _aLockheed constellation
260 _a
_bARCO Pub Co
_c1967
090 _c18763
_d18763
942 _aNUST-CAE
_cM
_c9739
999 _c263139
_d263139